[Event "Long classical games"]
[Site "SchemingMind.com"]
[Date "2012.05.31"]
[Round "-"]
[White "Till Plewe"]
[Black "Olli Ylönen"]
[Result "1-0"]
[WhiteCountry "JPN"]
[BlackCountry "FIN"]
[WhiteElo "2349"]
[WhiteRD "73"]
[BlackElo "1893"]
[BlackRD "56"]
[GameID "311442"]

1. e4 e5 2. Nf3 Nc6 3. Bb5 a6 4. Ba4 Nf6 5. O-O Be7 6. Re1 b5 7. Bb3 d6 8. c3 O-O 9. h3 Nb8 10. d4 Nbd7
11. Nbd2 Bb7 12. Bc2 Re8 13. Nf1 Bf8 14. Ng3 g6 15. a4 c5 16. d5 c4 17. Bg5 h6 18. Be3 Nc5 19. Qd2 h5 20. Bg5 Be7
21. Ra3 Rb8 22. Rea1 Nh7 23. Be3 Bf6 24. Ne2 Bg7 25. axb5 axb5 26. Bxc5 dxc5 27. b3 cxb3 28. Rxb3 Bc8 29. Bd3 Bd7 30. Rab1 Nf6
31. Ng3 h4 32. Nxh4 Nxd5 33. exd5 Qxh4 34. Bxb5 Rxb5 35. Rxb5 Bxb5 36. Rxb5 Qc4 37. Rb7 Rd8 38. d6 Qa6 39. Qd5 Rf8 40. Ne4 Qe2
41. Rxf7 Rxf7 42. d7
1-0